Poskytovanie služieb zamestnávateľom pri podpore zamestnávania občanov so zdravotným postihnutím

Bibliographic Details
Main Author: Meňhartová, Danuša (Author)
Format: Article
Language:Slovak
PhysicalDescription:Fotogr.
ISSN:1336-5053
Subjects:

MARC

LEADER 00000nab a2200000 ar4500
001 vtls009454199
003 SK-MaSNL
005 20260426105234.0
008 081211c2008 xo tr|p|||||||000 b|slo
015 |a SNBRB2008/12  |2 snkbucl 
038 |a SNKBUCL 
040 |a SNKBUCL  |b slo  |c SNKBUCL  |e AACR2 
041 |a slo 
044 |a xo  |c SK 
080 |a 351.5  |2 2001 
100 1 |a Meňhartová, Danuša  |4 aut  |9 1047468 
245 1 0 |a Poskytovanie služieb zamestnávateľom pri podpore zamestnávania občanov so zdravotným postihnutím  |c Danuša Meňhartová 
300 |b Fotogr. 
650 0 7 |a zamestnanosť  |2 snkbucl  |9 2209 
650 0 7 |a zdravotne postihnuté osoby  |2 snkbucl  |9 1249 
651 7 |a Slovensko  |2 snkbucl  |9 14231 
773 0 |t Zamestnanosť a sociálna politika  |g Č. 10 (2008), s. 6-7  |x 1336-5053 
852 |a SNK  |b KIS3GCP 
958 |a SK 
999 |c 3345739  |d 3347669